Alle "Dorf"- Städte Deutschlands - Statistiken

Allgemein
  • Dieses Quiz wurde 475 mal gespielt
  • Das Durchschnittsergebnis liegt bei 6 aus 51
Antwortstatistiken
# Einwohner Stadt BL % Korrekt
-dorf 619.477 Düsseldorf NW
95%
-dorf 75.222 Troisdorf NW
33%
-dorf 34.454 Deggendorf BY
31%
Dorf- 14.992 Dorfen BY
28%
-dorf 31.083 Burgdorf NI
26%
-dorf 37.146 Warendorf NW
23%
-dorf 15.563 Altdorf bei Nürnberg BY
22%
-dorf 47.678 Alsdorf NW
21%
-dorf 39.642 Schorndorf BW
21%
-dorf 29.254 Schwandorf BY
21%
-dorf 26.515 Hennigsdorf BB
20%
-dorf 26.534 Zirndorf BY
19%
-dorf 26.658 Hohen Neuendorf BB
18%
-dorf 21.121 Stadtallendorf HE
18%
-dorf 25.450 Friedrichsdorf HE
17%
-dorf 21.254 Mühldorf am Inn BY
17%
-dorf 4.060 Allendorf (Lumda) HE
13%
-dorf 4.799 Adorf/Vogtland SN
11%
-dorf 8.478 Bad Sooden-Allendorf HE
11%
-dorf 10.099 Betzdorf RP
11%
-dorf 8.052 Hermsdorf TH
11%
-dorf 5.613 Stadtoldendorf NI
10%
-dorf 11.189 Bad Nenndorf NI
9%
-dorf 14.372 Oberndorf am Neckar BW
9%
-dorf 10.456 Büdelsdorf SH
8%
-dorf 6.615 Herdorf RP
8%
-dorf 7.289 Meldorf SH
8%
-dorf 16.962 Bendorf RP
7%
-dorf 21.745 Elsdorf NW
6%
-dorf 13.501 Pfullendorf BW
6%
-dorf 3.300 Saalburg-Ebersdorf TH
6%
-dorf 18.228 Hessisch Oldendorf NI
5%
-dorf 10.277 Aulendorf BW
4%
-dorf 14.284 Markdorf BW
4%
-dorf 12.375 Preußisch Oldendorf NW
4%
-dorf- 14.302 Sandersdorf-Brehna ST
4%
-dorf 8.011 Baiersdorf BY
3%
-dorf 6.969 Bonndorf im Schwarzwald BW
3%
-dorf 9.059 Brand-Erbisdorf SN
3%
-dorf 5.792 Dierdorf RP
3%
-dorf 10.795 Donzdorf BW
3%
-dorf 7.443 Otterndorf NI
3%
-dorf 6.307 Bernsdorf SN
2%
-dorf 4.550 Ehrenfriedersdorf SN
2%
-dorf 2.962 Münchenbernsdorf TH
2%
-dorf 3.614 Seifhennersdorf SN
2%
-dorf 11.526 Ebersbach-Neugersdorf SN
1%
-dorf 5.022 Erbendorf BY
1%
-dorf 12.268 Gaildorf BW
1%
-dorf 9.661 Großröhrsdorf SN
1%
-dorf 3.056 Merkendorf BY
1%
Keine übereinstimmenden Quizze gefunden
Verteilung der Resultate
Anzahl Personen mit jedem Resultat
Perzentil nach korrekt beantworteten Fragen
Ihre Resultats-Entwicklung
Sie haben dieses Quiz noch nicht gespielt